Organizácia a systém vzdelávania dospelých vo vybraných krajinách
Guardado en:
| Formato: | Libro |
|---|---|
| Lenguaje: | eslovaco |
| Publicado: |
Bratislava
Ústav informácií a prognóz školstva, mládeže a telovýchovy
1992
|
| Materias: | |
| Etiquetas: |
Sin Etiquetas, Sea el primero en etiquetar este registro!
|
MARC
| LEADER | 00000nam a2200000 4500 | ||
|---|---|---|---|
| 001 | c003473 | ||
| 005 | 20251111082027.9 | ||
| 041 | 0 | |a slo | |
| 044 | |a SK | ||
| 245 | 1 | 0 | |a Organizácia a systém vzdelávania dospelých vo vybraných krajinách |
| 264 | 1 | |a Bratislava |b Ústav informácií a prognóz školstva, mládeže a telovýchovy |c 1992 | |
| 300 | |a 76 s. | ||
| 610 | 2 | 0 | |a vzdelávanie |
| 610 | 2 | 0 | |a vek produktívny |
| 610 | 2 | 0 | |a doškoľovanie |